000 00558nam a2200205 i 4500
001 42271
003 ES-MaACL
005 20230906160559.0
007 t|
008 030313s1960 sp ||||1| spa d
100 1 _aCastillo, Michel del,
_d1933-
_936708
245 1 3 _aLa guitarra /
_cMichel del Castillo.
250 _a1ยช ed.
260 _aBarcelona :
_bCaralt,
_c[1960]
300 _a148 p. ;
_c23 cm.
490 1 _atorre de marfil
830 0 _atorre de marfil
_9181932
852 _aES-MaACL
_jC-17977
_bR.46009
999 _c42271
_d42271